Central Library OPAC University of Rajshahi

The loom of language : (Record no. 50402)

MARC details
000 -LEADER
fixed length control field 00862nam a2200241 a 4500
001 - CONTROL NUMBER
control field 50402
003 - CONTROL NUMBER IDENTIFIER
rucl marc code BD-RjUL
005 - DATE AND TIME OF LATEST TRANSACTION
control field 20211209075513.0
008 - FIXED-LENGTH DATA ELEMENTS--GENERAL INFORMATION
fixed length control field 160827m1955 nyua 001 0 eng
035 ## - SYSTEM CONTROL NUMBER
System control number (BD-RjUL)50522
040 ## - CATALOGING SOURCE
Original cataloging agency DLC
Transcribing agency CarP
Modifying agency DLC
-- BD-RjUL
Language of cataloging eng
041 ## - LANGUAGE CODE
Language code of text/sound track or separate title eng
082 ## - DEWEY DECIMAL CLASSIFICATION NUMBER
Edition number 23
Classification number 400
Author mark and year BOL 1955
100 1# - MAIN ENTRY--PERSONAL NAME
Personal name Bodmer, Frederick
9 (RLIN) 151032
245 14 - TITLE STATEMENT
Title The loom of language :
Remainder of title A guide to foreign languages for the home student /
Statement of responsibility, etc. Frederick Bodmer ; edited and arranged by Lancelot Hogben
260 ## - PUBLICATION, DISTRIBUTION, ETC. (IMPRINT)
Place of publication, distribution, etc. London :
Name of publisher, distributor, etc. George Allen & Uniwin LTD,
Date of publication, distribution, etc. 1944, [6th Impression 1955]
300 ## - PHYSICAL DESCRIPTION
Pagination 699 p. :
Illustrations ill. ;
Size 22 cm.
504 ## - BIBLIOGRAPHY, ETC. NOTE
Bibliography, etc Includes Bibliography and Index
650 #0 - SUBJECT ADDED ENTRY--TOPICAL TERM
Topical term or geographic name as entry element Language and languages.
9 (RLIN) 151033
Topical term or geographic name as entry element Language and languages
Form subdivision Glossaries, vocabularies, etc.
9 (RLIN) 151034
700 ## - ADDED ENTRY--PERSONAL NAME
Personal name Hogben, Lancelot
942 ## - ADDED ENTRY ELEMENTS (KOHA)
Source of classification or shelving scheme Dewey Decimal Classification
Koha item type Books
Holdings
Lost status Source of classification or shelving scheme Damaged status Not for loan Collection code Permanent Location Current Location Shelving location Date acquired Source of acquisition Cost, normal purchase price Total Checkouts Full call number Date last seen Copy number Koha item type
  Dewey Decimal Classification     Non-fiction Central Library, University of Rajshahi Central Library, University of Rajshahi   23/01/1958 Black well 1.50   400 BOL 1955 27/08/2016 C-2 Books
  Dewey Decimal Classification     Non-fiction Central Library, University of Rajshahi Central Library, University of Rajshahi   23/01/1958 Black well 1.50   400 BOL 1955 27/08/2016 C-3 Books